Znane Koty - Statystyki

Ogólne statystyki
  • Ten quiz został rozwiązany 27 razy
  • Średni wynik to 7 z 22
Statystyki odpowiedzi
Wskazówka Kot % Poprawnych
Awanturniczy kot ze "Shreka" Kot w butach
87%
Kot Gargamela Klakier
78%
Występuje w bajce z Jerrym Tom
78%
Kot z gazety, który uwielbia lasagne Garfield
74%
Syn Mufasy Simba
70%
Duży kot występujący w Kubusiu Puchatku Tygrysek
65%
Mały biały kotek którego przygody są znane głównie w Polsce Filemon
61%
Zły wujek kota powyżej Skaza
61%
Kot który gonił żółtego ptaszka Sylwester
35%
Maskotka Cheetosów Chester Cheetah
26%
Występuje z powyższym w serialu Bonifacy
22%
Kot Hermiony Krzywołap
22%
Bezdomny kot który jest stał się atrakcją turystyczną Szczecina Gacek
13%
Japoński fikcyjny kot kojarzony z kolorem różowym Hello Kitty
13%
Uśmiechnięty kot z Krainy Czarów Kot z Cheshire
13%
Dwunożny kot Dr. Seussa Kot prot
9%
Kot z filmu „Poznaj moich rodziców” Mr. Jinx
4%
Słodki kotek, którego wcześniejszy chce wysłać do Abu Zabi Nermal
4%
Kotka z filmu "Arystokraci" Duchess
0%
Miał przygody z Otisem Milo
0%
Kot Doktora Zła pan Bigglesworth
0%
Kot z Simpsonów Snowball II
0%
Nie znaleziono quizów pasujących do podanych kryteriów
Rozkład punktacji
Procent ludzi z każdym wynikiem
Percentyl według liczby udzielonych odpowiedzi
Twoja historia wyników
Nie rozwiązałeś tego quizu